000 00723nam a2200253Ia 4500
008 220216s9999 xx 000 0 und d
100 _aChen P
245 0 _aIn situ characterization of strain-induced crystallization of natural rubber by synchrotron radiation wide-angle x-ray diffraction: Construction of a crystal network at low temperatures
260 _bSoft Matter
_c2019
300 _a734-743
500 _aSource Year: 2019
650 _aIn situ
650 _ax-ray diffraction
700 _aChang J
700 _aChen L
700 _aChen W
700 _aLi L
700 _aLin Y
700 _aMeng L
700 _aWang D
700 _aZhao J
856 _udoi:10.1039/c8sm02126k
942 _cJS
999 _c60929
_d60929